Študenti či absolventi vedia prinášať veľkú pridanú hodnotu

Rozhovor s víťazom projektu HR Gold 2013, ktorý vyhral tím Andreja Wintera zo spoločnosti Challengest, s. r. o. Vznik, priebeh a ciele oceneného projektu.

Na minha lista:
Detalhes bibliográficos
Autor principal: Winter, Andrej
Formato: Capítulo de Livro
Idioma:eslovaco
Assuntos:
Tags: Adicionar Tag
Sem tags, seja o primeiro a adicionar uma tag!

MARC

LEADER 00000naa a2200000 4500
001 0193058
005 20231116122159.5
041 0 |a slo 
044 |a SK 
245 1 0 |a Študenti či absolventi vedia prinášať veľkú pridanú hodnotu  |c Andrej Winter 
520 |a Rozhovor s víťazom projektu HR Gold 2013, ktorý vyhral tím Andreja Wintera zo spoločnosti Challengest, s. r. o. Vznik, priebeh a ciele oceneného projektu. 
610 2 0 |a tímy pracovné 
610 2 0 |a absolventi 
610 2 0 |a talenty 
610 2 0 |a potenciál ľudský 
610 2 0 |a projekty 
610 2 0 |a pracovníci mladí 
100 1 |a Winter, Andrej